000 00800nam a22002777a 4500
003 CHAP
005 20220329140902.0
008 971013s1958 r 00010 d
010 _a59266
011 _a60238
035 _a64398
040 _cCHAP
090 _aFolleto 11738
100 0 0 _aPrywer L., Czeslawa.
_992551
245 _aPoliploidia en el origen de algunas plantas cultivadas
260 _a(Chapingo, Méx.) :
_bENA,
_c1958
300 _a11 p.
_b: ilus.
590 _aBATCH-UPD
_b10
_c20130110
_lUCH01
_h2054
590 _aCONVERSION
_b10
_c20130109
_lUCH01
_h1332
650 1 4 _aPlantas cultivadas.
_988921
650 1 4 _aPoliploidia.
_990241
710 0 _aENA.
_936669
901 _aBK
942 _cFOLL
949 _aFolleto 11738
_bBC
_cUACH
_d-140191
_eUACH
_i64398
_mD. Ing. Zepeda
_si
999 _c59266
_d59266